La efectividad publicitaria

محفوظ في:
التفاصيل البيبلوغرافية
المؤلفون الرئيسيون: Lucas, Darrell Blaine (autor), Britt, Steuart Henderson (مؤلف)
التنسيق: كتاب
اللغة:الإسبانية
منشور في: Buenos Aires Ateneo 1969
الموضوعات:
الوسوم: إضافة وسم
لا توجد وسوم, كن أول من يضع وسما على هذه التسجيلة!

MARC

LEADER 00000nam a2200000 a 4500
001 UCS9062
003 CL-VaPUC
008 971113e19690000AG |||||||||||||||||spa|d
082 0 4 |a 659.98  |b LUC  |2 21 
100 |a Lucas, Darrell Blaine  |e autor  |9 394037 
700 0 |a Britt, Steuart Henderson  |e author  |9 394038 
245 1 3 |a La efectividad publicitaria 
300 |a 383 p 
942 |c BK 
945 |d 19971113 00:00:00  |a jquezada 
260 |a Buenos Aires  |b Ateneo  |c 1969 
650 0 |a Publicidad  |9 314572 
650 7 |a COMUNICACION DE MASAS  |2 CL-VaPUC  |9 334823 
650 0 |a Medios de comunicación de masas  |9 257273 
650 0 |a Agencias de publicidad   |9 362593 
650 0 |a Administración  |9 259325 
650 0 |a Mercado  |9 321497 
650 0 |a Producción   |9 263680 
650 0 |a Técnicas de venta  |9 338625 
650 7 |a METODOS  |2 CL-VaPUC  |9 335948 
650 7 |a MERCADOTECNIA  |2 CL-VaPUC  |9 347996 
583 |a last modification  |c 19971113 00:00:00  |k Rodrigo Vera 
999 |c 263121  |d 263119 
952 |0 0  |1 0  |4 0  |6 659_980000000000000_LUC_1969  |7 0  |8 A  |9 292216  |a BIBGIM  |b BIBGIM  |d 2019-11-19  |i 3363503  |o 659.98 LUC 1969  |p 3363503  |r 2025-01-15  |w 2019-11-19  |y BK  |k GIM